Japanese Prefecture Flags - Statistics

General Stats
  • This quiz has been taken 369 times
  • The average score is 28 of 47
Answer Stats
Picture Answer % Correct
Tōkyō
84%
Hokkaidō
81%
Aomori
76%
Akita
70%
Kyōto
70%
Ehime
69%
Aichi
68%
Hyōgo
67%
Hiroshima
66%
Okinawa
66%
Fukushima
65%
Ōsaka
65%
Nagasaki
64%
Tottori
64%
Chiba
63%
Saitama
63%
Gunma
62%
Mie
62%
Shizuoka
62%
Yamagata
62%
Miyagi
61%
Gifu
60%
Kanagawa
60%
Nara
60%
Ishikawa
59%
Nagano
59%
Miyazaki
58%
Fukuoka
57%
Kagoshima
57%
Niigata
57%
Yamanashi
57%
Fukui
55%
Ibaraki
55%
Iwate
55%
Toyama
55%
Kagawa
54%
Kumamoto
54%
Ōita
54%
Shimane
54%
Tochigi
54%
Yamaguchi
54%
Okayama
53%
Saga
53%
Wakayama
52%
Shiga
51%
Tokushima
51%
Kōchi
48%
No matching quizzes found
Score Distribution
Percent of People with Each Score
Percentile by Number Answered
Your Score History
You have not taken this quiz